[Event "Valasska Bystrice op 11th"]
[Site "Valasska Bystrice"]
[Date "2019.09.13"]
[Round "8"]
[White "Kunc, Miroslav1111"]
[Black "Mudry, Jan"]
[Result "1/2-1/2"]
[WhiteElo "1410"]
[BlackElo "1610"]
[PlyCount "39"]
[EventDate "2019.09.07"]
[EventType "swiss"]
[EventRounds "9"]
[EventCountry "CZE"]
[SourceTitle "EXT 2020"]
[Source "ChessBase"]
[SourceDate "2019.10.17"]
[SourceVersion "1"]
[SourceVersionDate "2019.10.17"]
[SourceQuality "1"]

1. e4 e5 2. Nc3 Bc5 3. Nf3 d6 4. d4 exd4 5. Nxd4 h6 6. Bb5+ c6 7. Be2 Nf6 8. 0-0 b5 9. a3 Qa5 10. b4 Bxb4 11. Nb3 Qc7 12. axb4 Na6 13. Bf4 Be6 14. Rxa6 Rd8 15. Qd4 0-0 16. Rxa7 Qb8 17. Rd1 c5 18. Nxc5 Qxa7 19. Nxe6 Qxd4 20. Rxd4 1/2-1/2

[Event "Bezmerov Bastinec Memorial-B"]
[Site "Bezmerov"]
[Date "2019.01.26"]
[Round "5"]
[White "Mudry, Jan"]
[Black "Malenovsky, Martin"]
[Result "0-1"]
[WhiteElo "1662"]
[BlackElo "1612"]
[PlyCount "102"]
[EventDate "2019.01.25"]
[EventType "swiss"]
[EventRounds "6"]
[EventCountry "CZE"]
[SourceTitle "CBM 188 Extra"]
[Source "ChessBase"]
[SourceDate "2019.02.26"]
[SourceVersion "1"]
[SourceVersionDate "2019.02.26"]
[SourceQuality "1"]

1. e4 e5 2. Bc4 Nf6 3. Nf3 Nc6 4. Ng5 d5 5. exd5 Nd4 6. c3 b5 7. cxd4 bxc4 8. Qe2 Qxd5 9. Qxe5+ Be7 10. 0-0 Bb7 11. Qxd5 Nxd5 12. f4 Nxf4 13. Nxf7 0-0 14. Rxf4 Rxf7 15. Rxf7 Kxf7 16. Nc3 Rd8 17. b3 Rxd4 18. Rb1 Rf4 19. d4 Rxd4 20. Be3 Rd3 21. Rf1+ Kg6 22. Nd1 cxb3 23. axb3 a6 24. Re1 Bb4 25. Rf1 Rxb3 26. Bf2 Rb1 27. h4 h6 28. Bg3 Bc5+ 29. Kh2 Bd6 30. Bxd6 cxd6 31. Ne3 Rxf1 32. Nxf1 Kf5 33. Kg3 h5 34. Ne3+ Ke4 35. Kf2 d5 36. g4 g6 37. gxh5 gxh5 38. Ke2 a5 39. Kd2 Ba6 40. Nd1 Kd4 41. Kc2 a4 42. Nc3 Bd3+ 43. Kd2 a3 44. Na2 Bc4 45. Nb4 a2 46. Nc2+ Ke4 47. Kc3 Kf4 48. Kb2 Kg4 49. Ne3+ Kxh4 50. Nxc4 dxc4 51. Kxa2 Kg3 0-1

[Event "Valasska Bystrice op"]
[Site "Valasska Bystrice"]
[Date "2017.09.16"]
[Round "9"]
[White "Slizek, Josef"]
[Black "Mudry, Jan"]
[Result "1/2-1/2"]
[WhiteElo "1936"]
[BlackElo "1699"]
[PlyCount "86"]
[EventDate "2017.09.09"]
[EventType "swiss"]
[EventRounds "9"]
[EventCountry "CZE"]
[SourceTitle "CBM 180 Extra"]
[Source "ChessBase"]
[SourceDate "2017.10.06"]
[SourceVersion "1"]
[SourceVersionDate "2017.10.06"]
[SourceQuality "1"]

1. e4 e5 2. Nf3 d6 3. Nc3 Bg4 4. Bc4 Bh5 5. Nd5 c6 6. Ne3 Nf6 7. d3 Bg6 8. Bb3 h6 9. 0-0 Be7 10. c3 Bh5 11. h3 Nbd7 12. g4 Bg6 13. a4 Nc5 14. Nf5 Bxf5 15. exf5 Qb6 16. Bc2 0-0-0 17. b4 Ncd7 18. Be3 Qc7 19. Bb3 d5 20. a5 a6 21. Ba7 e4 22. Ne1 Qe5 23. Bd4 Qf4 24. Ng2 Qb8 25. Re1 Ne5 26. Bxe5 Qxe5 27. d4 Qc7 28. Qe2 Nh7 29. f4 exf3 30. Qxf3 Ng5 31. Qd3 Bd6 32. Re3 h5 33. gxh5 Rxh5 34. Bd1 Rhh8 35. Bg4 Bh2+ 36. Kf1 f6 37. Ke2 Ne4 38. Rf3 Rhe8 39. Kd1 Re7 40. Kc2 Bg3 41. Raf1 Rde8 42. Bh5 Rh8 43. Bg4 Rhe8 1/2-1/2

[Event "Valasska Bystrice op"]
[Site "Valasska Bystrice"]
[Date "2014.09.20"]
[Round "9"]
[White "Mudry, Jan"]
[Black "Bartosek, Ivan"]
[Result "0-1"]
[WhiteElo "1733"]
[BlackElo "1832"]
[PlyCount "20"]
[EventDate "2014.09.13"]
[EventType "swiss"]
[EventRounds "9"]
[EventCountry "CZE"]
[SourceTitle "CBM 162 Extra"]
[Source "ChessBase"]
[SourceDate "2014.10.17"]
[SourceVersion "1"]
[SourceVersionDate "2014.10.17"]
[SourceQuality "1"]

1. e4 e5 2. Bc4 Bc5 3. Nf3 Nc6 4. c3 Nf6 5. b4 Bb6 6. b5 Na5 7. Nxe5 Nxc4 8. Nxc4 Nxe4 9. Nxb6 axb6 10. 0-0 0-0 0-1

[Event "Valasska Bystrice op"]
[Site "Valasska Bystrice"]
[Date "2014.09.18"]
[Round "7"]
[White "Mudry, Jan"]
[Black "Kolasin, Jan"]
[Result "0-1"]
[WhiteElo "1733"]
[BlackElo "2008"]
[PlyCount "56"]
[EventDate "2014.09.13"]
[EventType "swiss"]
[EventRounds "9"]
[EventCountry "CZE"]
[SourceTitle "CBM 162 Extra"]
[Source "ChessBase"]
[SourceDate "2014.10.17"]
[SourceVersion "1"]
[SourceVersionDate "2014.10.17"]
[SourceQuality "1"]

1. e4 e6 2. c3 b6 3. Nf3 Bb7 4. e5 d6 5. d4 dxe5 6. Nxe5 Bd6 7. Qg4 Qf6 8. Nc4 Nh6 9. Nxd6+ cxd6 10. Qg3 Nf5 11. Qf4 Nd7 12. f3 e5 13. dxe5 dxe5 14. Qg5 0-0-0 15. Bd3 Nh4 16. Qg4 h5 17. Qh3 g5 18. 0-0 Qe7 19. Be4 Ba6 20. Re1 g4 21. fxg4 hxg4 22. Qe3 f5 23. Qg5 Qe6 24. Bc2 Rdg8 25. Qd2 Nf3+ 26. gxf3 gxf3+ 27. Qg5 Rxg5+ 28. Bxg5 Qg6 0-1

[Event "Valasska Bystrice op"]
[Site "Valasska Bystrice"]
[Date "2013.09.10"]
[Round "5"]
[White "Korinek, Jaroslav"]
[Black "Mudry, Jan"]
[Result "1-0"]
[WhiteElo "1807"]
[BlackElo "1732"]
[PlyCount "103"]
[EventDate "2013.09.07"]
[EventType "swiss"]
[EventRounds "9"]
[EventCountry "CZE"]
[SourceTitle "CBM 156 Extra"]
[Source "ChessBase"]
[SourceDate "2013.10.22"]
[SourceVersion "1"]
[SourceVersionDate "2013.10.22"]
[SourceQuality "1"]

1. e4 e5 2. Nf3 Nc6 3. Bb5 Bc5 4. c3 Nf6 5. d3 d6 6. Bg5 Bg4 7. Nbd2 h6 8. Bh4 g5 9. Bg3 Nh5 10. Qc2 Bd7 11. a4 a6 12. Bc4 Ba7 13. b4 Qe7 14. Bb3 Qf6 15. Rf1 Be6 16. Nc4 Qe7 17. Ne3 Nxg3 18. hxg3 Bxe3 19. fxe3 h5 20. 0-0-0 0-0-0 21. Kb2 h4 22. gxh4 g4 23. Ng5 Rxh4 24. Nxf7 Rf8 25. Nxd6+ Kb8 26. Nf5 Bxf5 27. Rxf5 Rfh8 28. Rdf1 Ka7 29. Bd5 Qe8 30. d4 exd4 31. cxd4 R4h6 32. Rf6 Rxf6 33. Rxf6 Qe7 34. Qc5+ Qxc5 35. bxc5 Nb4 36. Rg6 Nxd5 37. exd5 Re8 38. Re6 Rf8 39. d6 cxd6 40. cxd6 Kb6 41. e4 Rf2+ 42. Kc1 Rxg2 43. Rg6 Rg1+ 44. Kd2 g3 45. e5 g2 46. Ke2 Ra1 47. Rxg2 Rxa4 48. Kd3 Kc6 49. Rc2+ Kd5 50. Rc5+ Ke6 51. Ke4 b5 52. Rc7 1-0

[Event "Valasska Bystrice op"]
[Site "Valasska Bystrice"]
[Date "2013.09.08"]
[Round "3"]
[White "Krobak, Petr"]
[Black "Mudry, Jan"]
[Result "1-0"]
[WhiteElo "1820"]
[BlackElo "1732"]
[PlyCount "103"]
[EventDate "2013.09.07"]
[EventType "swiss"]
[EventRounds "9"]
[EventCountry "CZE"]
[SourceTitle "CBM 156 Extra"]
[Source "ChessBase"]
[SourceDate "2013.10.22"]
[SourceVersion "1"]
[SourceVersionDate "2013.10.22"]
[SourceQuality "1"]

1. d4 e6 2. c4 Bb4+ 3. Nc3 Nf6 4. a3 Bxc3+ 5. bxc3 Ne4 6. Qd3 f5 7. g3 0-0 8. Bg2 d5 9. cxd5 Qxd5 10. Nh3 e5 11. 0-0 exd4 12. cxd4 Nc6 13. e3 Re8 14. Nf4 Qd6 15. Bb2 b6 16. Rfc1 g5 17. Qc4+ Kf8 18. Nd3 Bb7 19. d5 b5 20. Qxb5 Nd8 21. Qc4 Qxd5 22. Qxd5 Bxd5 23. Rxc7 Nf7 24. Bd4 a5 25. Rac1 Reb8 26. Nc5 Rd8 27. Nd7+ Ke8 28. Bxe4 Rxd7 29. Rxd7 Bxe4 30. Rcc7 Rb8 31. Re7+ Kd8 32. Rcd7+ Kc8 33. Re8+ Kxd7 34. Rxb8 a4 35. Kf1 Nd6 36. Bc5 Nc4 37. Ke2 g4 38. Rh8 Kc6 39. Bb4 Ne5 40. Rxh7 Bf3+ 41. Kd2 Be4 42. h3 Nf3+ 43. Kc3 gxh3 44. Rxh3 Ne1 45. Rh6+ Kb5 46. Rh5 Nd3 47. f3 Nxb4 48. axb4 Bb1 49. e4 a3 50. Rxf5+ Kb6 51. Ra5 a2 52. Kb2 1-0

[Event "Brno Trade op"]
[Site "Brno"]
[Date "2011.08.26"]
[Round "7"]
[White "Mudry, Jan"]
[Black "Vojacek, Zdenek"]
[Result "0-1"]
[WhiteElo "1736"]
[BlackElo "1943"]
[PlyCount "72"]
[EventDate "2011.08.21"]
[EventType "swiss"]
[EventRounds "9"]
[EventCountry "CZE"]
[SourceTitle "CBM 144 Extra"]
[Source "ChessBase"]
[SourceDate "2011.10.28"]
[SourceVersion "1"]
[SourceVersionDate "2011.10.28"]
[SourceQuality "1"]

1. e4 c5 2. Bc4 Nc6 3. Nf3 e6 4. Nc3 g6 5. d4 cxd4 6. Nxd4 Bg7 7. Ndb5 d5 8. exd5 Na5 9. d6 Nxc4 10. Nc7+ Kf8 11. Nxa8 Nxd6 12. Nb5 Qa5+ 13. Nc3 Bxc3+ 14. bxc3 Qxc3+ 15. Bd2 Qe5+ 16. Be3 Nf6 17. 0-0 Nf5 18. Bxa7 Kg7 19. g4 Nh4 20. Bd4 Qxd4 21. Qxd4 Nf3+ 22. Kg2 Nxd4 23. Nb6 Nxg4 24. Rfd1 e5 25. h3 Nxc2 26. Rdc1 Nxa1 27. Nxc8 Nf6 28. Nb6 Nb3 29. axb3 Rd8 30. Rc7 Rd3 31. Nc8 Rd7 32. Rc5 Nd5 33. Kf3 f5 34. h4 Kf6 35. Rb5 e4+ 36. Ke2 Nc3+ 0-1

[Event "Valasska Bystrice op"]
[Site "Valasska Bystrice"]
[Date "2009.09.14"]
[Round "4"]
[White "Belunek, Zdenek"]
[Black "Mudry, Jan"]
[Result "1/2-1/2"]
[WhiteElo "1996"]
[BlackElo "1710"]
[PlyCount "115"]
[EventDate "2009.09.12"]
[EventType "swiss"]
[EventRounds "9"]
[EventCountry "CZE"]
[SourceTitle "CBM 132 Extra"]
[Source "ChessBase"]
[SourceDate "2009.11.03"]
[SourceVersion "1"]
[SourceVersionDate "2009.11.03"]
[SourceQuality "1"]

1. e4 e5 2. Nf3 Nc6 3. Bc4 Bc5 4. c3 d6 5. 0-0 h6 6. h3 Nf6 7. d4 exd4 8. cxd4 Bb6 9. Nc3 0-0 10. e5 dxe5 11. dxe5 Qxd1 12. Rxd1 Nh7 13. Nd5 Bf5 14. Nxb6 cxb6 15. Bf4 Rfd8 16. Rd6 Be4 17. e6 g5 18. exf7+ Kg7 19. Rxd8 Rxd8 20. Bd2 Bg6 21. Bc3+ Kf8 22. Re1 Bxf7 23. Be6 Re8 24. Bf5 Rxe1+ 25. Nxe1 Kg8 26. a3 Ne7 27. Be4 Bd5 28. f3 Bc6 29. Nd3 Nd5 30. Nb4 Nxc3 31. Bxc6 a5 32. bxc3 bxc6 33. Nxc6 Nf6 34. Ne5 Kg7 35. Kf2 b5 36. g3 Nd5 37. c4 Nc7 38. cxb5 Nxb5 39. a4 Nc3 40. Nc4 Nxa4 41. Nxa5 Nc5 42. Ke3 Kg6 43. Kd4 Nd7 44. Nc4 Kf5 45. Ne3+ Kg6 46. Kd5 Nf6+ 47. Ke6 Ne8 48. Nf5 Nc7+ 49. Ke5 Ne8 50. f4 gxf4 51. gxf4 Nf6 52. Nxh6 Nd7+ 53. Kd6 Nf8 54. Ke7 Nh7 55. Ng8 Kg7 56. f5 Kxg8 57. f6 Nxf6 58. Kxf6 1/2-1/2